पृथ्वी पर जीवन / (Record no. 120832)

MARC details
000 -LEADER
fixed length control field 01095nam a22002537a 4500
005 - DATE AND TIME OF LATEST TRANSACTION
control field 20170124103203.0
010 ## - LIBRARY OF CONGRESS CONTROL NUMBER
LC control number B-102985
020 ## - INTERNATIONAL STANDARD BOOK NUMBER
Terms of availability 600.00
International Standard Book Number 818860013
035 ## - SYSTEM CONTROL NUMBER
System control number B-102985
037 ## - SOURCE OF ACQUISITION
Source of stock number/acquisition Cen Lib/Ret
040 ## - CATALOGING SOURCE
Original cataloging agency DPL
Language of cataloging HN
082 ## - DEWEY DECIMAL CLASSIFICATION NUMBER
Classification number 503
Item number पृथ्वीप
245 ## - TITLE STATEMENT
Title पृथ्वी पर जीवन /
Statement of responsibility, etc सम्पादक रमणिका राधे तुंग
246 ## - VARYING FORM OF TITLE
Title proper/short title Prithvi par jeevan /
Remainder of title sampadak Ramnika Radhe Tung
260 ## - PUBLICATION, DISTRIBUTION, ETC. (IMPRINT)
Place of publication, distribution, etc दिल्ली
Name of publisher, distributor, etc साक्षरा प्रकाशन
Date of publication, distribution, etc 2003
270 ## - ADDRESS
Address 1/2165, रामनगर पूर्वी, गली नं.16, शाहदरा
City दिल्ली
Postal code 110032
300 ## - PHYSICAL DESCRIPTION
Extent 404पृ. :
Dimensions 23सेमी(सजिल्द)
Other physical details सचित्र
650 ## - SUBJECT ADDED ENTRY--TOPICAL TERM
Topical term or geographic name as entry element जीवन -- विज्ञान
9 (RLIN) 92846
650 ## - SUBJECT ADDED ENTRY--TOPICAL TERM
Topical term or geographic name as entry element जीवन -- आदमी
9 (RLIN) 1541
650 ## - SUBJECT ADDED ENTRY--TOPICAL TERM
Topical term or geographic name as entry element Life - Science
9 (RLIN) 92847
650 ## - SUBJECT ADDED ENTRY--TOPICAL TERM
Topical term or geographic name as entry element Life - Man
9 (RLIN) 92848
700 ## - ADDED ENTRY--PERSONAL NAME
Personal name तुंग, रमणिका राधे
9 (RLIN) 92849
942 ## - ADDED ENTRY ELEMENTS (KOHA)
Source of classification or shelving scheme Dewey Decimal Classification
Koha item type Hindi Books
Classification part 503
Call number suffix पृथ्वीप
Holdings
Withdrawn status Lost status Damaged status Not for loan Home library Current library Date acquired Source of acquisition Cost, normal purchase price Total Checkouts Full call number Barcode Date last seen Date checked out Copy number Cost, replacement price Price effective from Koha item type
        Central Library Central Library 29/09/2015 Cen Lib/Ret 600.00 1 503 पृथ्वीप B-102985 23/08/2018 03/08/2018 1 600.00 29/09/2015 Hindi Books

© Delhi Public Library
Hit Counter
free hit counter